书目信息 |
| 题名: |
制氧技术
|
|
| 作者: | 李化治 编著 | |
| 分册: | ||
| 出版信息: | 北京 冶金工业出版社 2009.08 |
|
| 页数: | 13,496页 | |
| 开本: | 26cm | |
| 丛书名: | ||
| 单 册: | ||
| 中图分类: | TQ116.14 | |
| 科图分类: | ||
| 主题词: | 氧气--制造 , 制氧机 , 氧气 | |
| 电子资源: | ||
| ISBN: | 978-7-5024-4963-6 | |
| 000 | 00933nam0 2200265 450 | |
| 001 | 0197027680 | |
| 005 | 20120628152824.07 | |
| 010 | @a978-7-5024-4963-6@dCNY96.00 | |
| 100 | @a20090914d2009 em y0chiy0110 ea | |
| 101 | 0 | @achi |
| 102 | @aCN@b110000 | |
| 105 | @aak z 000yy | |
| 106 | @ar | |
| 200 | 1 | @a制氧技术@9zhi yang ji shu@f李化治编著 |
| 205 | @a2版 | |
| 210 | @a北京@c冶金工业出版社@d2009.08 | |
| 215 | @a13,496页@c图,折图@d26cm | |
| 330 | @a本书是全面阐述低温法空气分离制氧知识的书籍。全书分为15章。书中介绍了气体及溶液的热力学基本规律;依照低温法制氧机流程系统的划分,逐章叙述了空气液化原理及设备、空气净化原理及设备、传势原理及设备、精细原理及设备,以及气体压缩机械、气体膨胀机械、仪表及控制系统等。 | |
| 606 | 0 | @a氧气@x制造 |
| 606 | 0 | @a制氧机 |
| 606 | 0 | @a氧气 |
| 690 | @aTQ116.14@v4 | |
| 701 | 0 | @a李化治@9li hua zhi@4编著 |
| 801 | 0 | @aCN@bRENTIAN@c20090914 |
| 905 | @b541897-901@dTQ116.14@e21=2@f5 | |
| 制氧技术/李化治编著.-2版.-北京:冶金工业出版社,2009.08 |
| 13,496页:图,折图;26cm |
| ISBN 978-7-5024-4963-6:CNY96.00 |
| 本书是全面阐述低温法空气分离制氧知识的书籍。全书分为15章。书中介绍了气体及溶液的热力学基本规律;依照低温法制氧机流程系统的划分,逐章叙述了空气液化原理及设备、空气净化原理及设备、传势原理及设备、精细原理及设备,以及气体压缩机械、气体膨胀机械、仪表及控制系统等。 |
| ● |
| 相关链接 |
|
|
|
|
正题名:制氧技术
索取号:TQ116.14/21=2
 
预约/预借
| 序号 | 登录号 | 条形码 | 馆藏地/架位号 | 状态 | 备注 |
| 1 | 541897 | 205418975 | 第二样本阅览室/ [索取号:TQ116.14/21=2] | 在馆 | |
| 2 | 541898 | 205418984 | 第三借阅区/ [索取号:TQ116.14/21=2] | 在馆 | |
| 3 | 541899 | 205418993 | 第三借阅区/ [索取号:TQ116.14/21=2] | 在馆 | |
| 4 | 541900 | 205419000 | 第三借阅区/ [索取号:TQ116.14/21=2] | 在馆 | |
| 5 | 541901 | 205419019 | 第三借阅区/ [索取号:TQ116.14/21=2] | 在馆 |